Pokémon - Normal Type Moves - Sudden Death - Statistics

General Stats
  • This quiz has been taken 99 times
  • The average score is 13 of 24
Answers on the Grid
Answers color-coded by a green-red scale on the quiz's grid according to % correct below.
Tackle
Pin Missile
Double Kick
Protect
Smokescreen
Agility
Bide
Splash
Lick
Swords Dance
Spikes
Flash
Pound
Hyper Voice
Bite
Slash
Megahorn
Snore
Rest
Recover
Double-Edge
Defog
Play Nice
Stockpile
Scary Face
Shed Tail
Eerie Impulse
Retaliate
Smack Down
Lash Out
Present
Head Smash
Spit Up
Fury Cutter
Tail Slap
False Swipe
X-Scissor
Sky Drop
Swallow
Last Resort
 
Answer Stats
Answer % Correct
Normal Tackle
100%
Normal Protect
86%
Normal Bide
70%
Normal Slash
70%
Normal Splash
67%
Normal Swords Dance
63%
Normal Hyper Voice
58%
Normal Pound
58%
Normal Recover
58%
Normal Smokescreen
56%
Normal Double-Edge
53%
Normal Last Resort
53%
Normal False Swipe
51%
Normal Snore
51%
Normal Stockpile
49%
Normal Flash
47%
Normal Retaliate
47%
Normal Present
44%
Normal Tail Slap
44%
Normal Spit Up
42%
Normal Swallow
42%
Normal Scary Face
40%
Normal Shed Tail
40%
Normal Play Nice
35%
No matching quizzes found
Score Distribution
Percent of People with Each Score
Percentile by Number Answered
Your Score History
You have not taken this quiz